[Event "EU-ch U18"]
[Site "Murek"]
[Date "1998.??.??"]
[Round "3"]
[White "Zakharov, Alexander S"]
[Black "Bucinskas, Valdas"]
[Result "1-0"]
[WhiteElo "2375"]
[BlackElo "2205"]

1.e4 c5 2.Nf3 Nc6 3.Bb5 g6 4.O-O Bg7 5.Re1 Nf6 6.c3 O-O 7.d3 Qb6 8.Ba4 d5
9.Nbd2 dxe4 10.dxe4 Rd8 11.Qe2 Bd7 12.Bc2 Ng4 13.Nc4 Qc7 14.h3 Nge5 15.Bf4 Be6
16.Ncxe5 Nxe5 17.Kh1 h6 18.Nxe5 Bxe5 19.Bxh6 Kh7 20.Be3 Kg7 21.Rf1 Rh8 22.f4 Bxh3
23.Kg1 g5 24.fxe5 Qxe5 25.Qf3 Be6 26.g3 Rh6 27.Bb3 Rh3 28.Kg2 g4 29.Qf4 Qxf4
30.Bxf4  1-0

[Event "EU-ch U14"]
[Site "Murek"]
[Date "1998.??.??"]
[Round "4"]
[White "Maze, Sebastien"]
[Black "Efimenko, Zahar"]
[Result "0-1"]
[WhiteElo "2190"]
[BlackElo "2330"]

1.e4 c5 2.Nf3 Nc6 3.Bb5 g6 4.Bxc6 bxc6 5.O-O Bg7 6.Nc3 Nf6 7.Re1 O-O 8.d3 d6
9.h3 Rb8 10.Rb1 e5 11.Bg5 h6 12.Bh4 Be6 13.Qd2 Kh7 14.a3 Qd7 15.Bxf6 Bxf6
16.b4 cxb4 17.axb4 Rb7 18.d4 exd4 19.Nxd4 Rfb8 20.Nxe6 Qxe6 21.Red1 Qc4 22.Ne2 Rxb4
23.Rxb4 Rxb4 24.c3 Rb7 25.Qc2 Qc5 26.Qd3 Be5 27.g3 Rb2 28.Kf1 a5 29.f4 Bg7
30.Rb1 Rxb1+ 31.Qxb1 a4 32.Qa2 Qb5 33.Ke1 Qb3 34.Qxb3 axb3 35.Kd2 f5 36.exf5 gxf5
37.g4 Kg6 38.Ng3 fxg4 39.hxg4 d5 40.Nf5 Bf6 41.Ne3 b2 42.Kc2 Bxc3 43.Nd1 Bd4  0-1

[Event "EU-ch U16 Girls"]
[Site "Murek"]
[Date "1998.??.??"]
[Round "6"]
[White "Jackova, Jana"]
[Black "Szabo, Virag"]
[Result "1-0"]
[WhiteElo "2205"]
[BlackElo "2095"]

1.e4 c5 2.Nf3 Nc6 3.Bb5 g6 4.O-O Bg7 5.Re1 e5 6.b4 cxb4 7.a3 Nge7 8.axb4 O-O
9.Bxc6 Nxc6 10.Bb2 d6 11.b5 Na5 12.Bc3 b6 13.Bxa5 bxa5 14.c4 a6 15.Nc3 axb5
16.Nxb5 Be6 17.d3 f5 18.Nd2 Qb6 19.Qe2 Kh8 20.Nc3 f4 21.Kh1 g5 22.Nd5 Qd8
23.f3 h5 24.Reb1 g4 25.Qf1 Rf7 26.Rb2 Rb8 27.Rxb8 Qxb8 28.Rxa5 Qb2 29.Qd1 Rb7
30.Ra1 Bxd5 31.cxd5 Qc3 32.Nc4 Rb3 33.Nxd6 Qxd3 34.Qxd3 Rxd3 35.Rf1 Kg8 36.Nf5 Kf7
37.g3 gxf3 38.Nh4 Re3 39.Nxf3 Rxe4 40.Ng5+  1-0

[Event "EU-ch U14"]
[Site "Murek"]
[Date "1998.??.??"]
[Round "9"]
[White "Lupulescu, Constantin"]
[Black "Gagunashvili, Merab"]
[Result "1/2-1/2"]
[WhiteElo "2205"]
[BlackElo "2205"]

1.e4 c5 2.Nf3 Nc6 3.Bb5 g6 4.Bxc6 dxc6 5.O-O Bg7 6.d3 Nf6 7.Nc3 O-O 8.h3 b6
9.Be3 Qc7 10.Nd2 Be6 11.f4 Rad8 12.Qf3 Bc8 13.Rf2 Nd7 14.Raf1 a5 15.Kh1 f5
16.Qe2 Nf6 17.e5 Nd5 18.Nf3 Bh6 19.g3 Qd7 20.a3 Nc7 21.Qe1 Ba6 22.Rd2 Qc8
23.Rff2 Ne6 24.Ne2 Qb7 25.Kg1 c4 26.d4 Nc7 27.Rd1 Qa8 28.h4 Bg7 29.h5 gxh5
30.Rh2 c5 31.Qf2 Qc6 32.Rxh5 Bb7 33.Rf1 Ne6 34.c3 Qe4 35.Ng5 Nxg5 36.fxg5 cxd4
37.cxd4 Qc2 38.Nf4 Qb3 39.Re1 c3 40.bxc3 Qxc3 41.Ne6 Rc8 42.Nxf8 Bxf8 43.Qd2 Qxa3
44.Qh2 Qc3 45.Bf2 Qf3 46.Rxh7 Qg2+ 47.Qxg2 Bxg2 48.Rxe7 Bxe7 49.Kxg2 Rd8
50.Rb1 Bb4 51.Kf3 Kf7 52.Be3 b5 53.g4 Ke6 54.Kf4 fxg4 55.Kxg4 Rb8 56.Kf4 Kd5
57.g6 Bf8 58.Ra1 a4 59.Kf5 Ra8 60.Rc1 a3 61.g7 Be7 62.Rg1 Rg8 63.Bc1 b4 64.Rg6 b3  1/2-1/2

[Event "US-ch cadets"]
[Site "Nashville"]
[Date "1998.??.??"]
[Round "2"]
[White "Bhat, Vinay S"]
[Black "Mont Reynaud, Jordy"]
[Result "1-0"]
[WhiteElo "2255"]
[BlackElo "2125"]

1.e4 c5 2.Nf3 Nc6 3.Bb5 g6 4.Bxc6 dxc6 5.h3 e5 6.d3 Bg7 7.Be3 Qe7 8.Qd2 Nf6
9.Nc3 Nd7 10.Bh6 f6 11.Ne2 Nf8 12.Bxg7 Qxg7 13.Nh2 Ne6 14.f4 exf4 15.Nxf4 O-O
16.O-O f5 17.exf5 Rxf5 18.Nxe6 Bxe6 19.Qe3 Re5 20.Qg3 Re8 21.b3 Bd5 22.Ng4 R5e6
23.c4  1-0

[Event "New Castle on Tyne op"]
[Site "New Castle on Tyne"]
[Date "1998.??.??"]
[Round "7"]
[White "Kreiman, Boris"]
[Black "Plaskett, Jim"]
[Result "1/2-1/2"]
[WhiteElo "2445"]
[BlackElo "2445"]

1.e4 c5 2.Nf3 Nc6 3.Bb5 g6 4.O-O Bg7 5.c3 Nf6 6.e5 Nd5 7.d4 cxd4 8.cxd4 O-O
9.Nc3 Nc7 10.a4 d6 11.exd6 Qxd6 12.d5 Nb4 13.Bc4 Bf5 14.Bg5 Qc5 15.Bb3 Nd3
16.Qe2 Nxb2 17.Qxb2 Bxc3 18.Rac1 Bxb2 19.Rxc5 Na6 20.Rb5 Bd3 21.Bxe7 Bxb5
22.axb5 Nc7 23.Rb1 Bg7 24.Bxf8 Kxf8 25.Bc4 Ne8 26.Ng5 Nd6 27.Bd3 h6 28.Ne4 Nxe4
29.Bxe4 Bd4 30.Rb4 Bb6 31.h4 Re8  1/2-1/2

[Event "North Bay op"]
[Site "North Bay"]
[Date "1998.??.??"]
[Round "4"]
[White "Oratovsky, Michael"]
[Black "Whitehead, Jay E"]
[Result "1-0"]
[WhiteElo "2465"]
[BlackElo "2410"]

1.e4 c5 2.Nf3 Nc6 3.Bb5 e6 4.Bxc6 bxc6 5.d3 Ne7 6.h4 f6 7.Be3 d6 8.c3 Rb8
9.Qc2 e5 10.d4 Ba6 11.dxc5 d5 12.Nbd2 dxe4 13.Nxe4 Bd3 14.Qa4 Bxe4 15.Qxe4 Rxb2
16.O-O Nd5 17.Bc1 Rb7 18.c4 Nb4 19.a3 Nd3 20.Rd1 Rd7 21.Qxc6 Nxc5 22.Rb1 Kf7
23.Rb7  1-0

[Event "Nova Gorica op"]
[Site "Nova Gorica"]
[Date "1998.??.??"]
[Round "4"]
[White "Golubovic, Boris"]
[Black "Jelen, Igor"]
[Result "1/2-1/2"]
[WhiteElo "2450"]
[BlackElo "2430"]

1.e4 c5 2.Nf3 Nc6 3.Bb5 g6 4.Bxc6 dxc6 5.d3 Bg7 6.h3 b6 7.Nc3 e5 8.O-O Ne7
9.a3 a5 10.Nh2 O-O 11.f4 exf4 12.Bxf4 f5 13.Kh1  1/2-1/2

[Event "Nyirsegi Torna op"]
[Site "Nyirsegi Torna"]
[Date "1998.??.??"]
[Round "2"]
[White "Felegyhazi, Laszlo"]
[Black "Palasti, Ferenc"]
[Result "1-0"]
[WhiteElo "2315"]
[BlackElo "2110"]

1.Nf3 c5 2.e4 Nc6 3.Bb5 e6 4.O-O b6 5.Re1 Bb7 6.c3 Qc7 7.d4 a6 8.Bf1 h6 9.d5 Ne5
10.Nxe5 Qxe5 11.dxe6 Qxe6 12.c4 Bd6 13.Nc3 Ne7 14.Nd5 Bxd5 15.cxd5 Qe5 16.g3 Ng6
17.f4 Qd4+ 18.Be3 Qxd1 19.Raxd1 f6 20.Bh3 Rd8 21.Bd2 Kf7 22.Bc3 Rhe8 23.Bg4 Nf8
24.e5 fxe5 25.fxe5 Bc7 26.Re2 b5 27.b3 Kg8 28.Rf1 Bb6 29.Kg2 Re7 30.Re4 Nh7
31.Bf5 Nf8 32.h4 g6 33.Bg4 h5 34.Bh3 Nh7 35.e6 d6 36.Rf7 Rxf7 37.exf7+ Kxf7
38.Be6+ Kf8 39.Rf4+ Ke8 40.Rf7 Nf8 41.Bf6 Rd7 42.Rxf8+ Kxf8 43.Bxd7 Kf7 44.Bc3 Bd8
45.Be6+ Kf8 46.Bc8 a5 47.Bd7 b4 48.Bd2 Bf6 49.Bb5 Ke7 50.Bg5 Kf7 51.Kf3 Ke7
52.Bxf6+ Kxf6 53.Kf4 Ke7 54.Kg5 Kf7 55.Bd3 Kg7 56.Be2 Kf7 57.Bc4 Kg7 58.Bd3 Kf7
59.Bxg6+ Kg7 60.Bxh5 c4  1-0

[Event "Nyirsegi Torna op"]
[Site "Nyirsegi Torna"]
[Date "1998.??.??"]
[Round "3"]
[White "Tengely, Szabolcs"]
[Black "Pasztorcsik, Janos"]
[Result "1/2-1/2"]
[WhiteElo "2190"]
[BlackElo "2050"]

1.e4 c5 2.Nf3 Nc6 3.Bb5 g6 4.O-O Bg7 5.Re1 e5 6.c3 Nge7 7.d3 O-O 8.Nbd2 d6
9.h3 h6 10.Nf1 Be6 11.Bxc6 Nxc6 12.b3 b5 13.Ne3 a5 14.Bb2 b4 15.Nd2 f5 16.Qe2 Bf6
17.Kh2 Bg5 18.g3 f4 19.Nd5 fxg3+ 20.fxg3 Ra7 21.Rf1 Raf7 22.Rxf7 Rxf7 23.Rf1 Qf8
24.Rxf7 Qxf7 25.Ne3 Bxe3 26.Qxe3 Kg7 27.Nf3 g5 28.c4 Qh5 29.h4 Qg4 30.Qf2 Nd4
31.Bxd4 exd4 32.hxg5 hxg5 33.Kg2 Kg6 34.Kf1  1/2-1/2

[Event "Nyirsegi Torna op"]
[Site "Nyirsegi Torna"]
[Date "1998.??.??"]
[Round "5"]
[White "Palko, Attila"]
[Black "Felegyhazi, Laszlo"]
[Result "1/2-1/2"]
[WhiteElo "2220"]
[BlackElo "2315"]

1.e4 c5 2.Nf3 Nc6 3.Bb5 e6 4.O-O Qb6 5.Bxc6 Qxc6 6.Re1 d6 7.a4 e5 8.d3 Nf6
9.Nbd2 g6 10.Nc4 Bg7 11.Rf1 O-O 12.Bg5 h6 13.Bxf6 Bxf6 14.Nfd2 Bg7 15.Ne3 Be6
16.c4 f5 17.f3 Rf7 18.Nb1 b6 19.Nc3 a6 20.Qc2 Rb8 21.Kh1 Qe8 22.Rfb1 a5 23.Rf1 f4
24.Ned5 g5 25.Nb5 Qd8 26.Kg1 h5  1/2-1/2

[Event "RUS-Cup"]
[Site "Omsk/Perm"]
[Date "1998.??.??"]
[Round "1"]
[White "Ovetchkin, Roman"]
[Black "Danilovtsev, Valery"]
[Result "1-0"]
[WhiteElo "2475"]
[BlackElo "2270"]

1.e4 c5 2.Nf3 Nc6 3.Bb5 Nf6 4.Nc3 d6 5.e5 Nd7 6.exd6 exd6 7.O-O Be7 8.d4 O-O
9.Nd5 Nxd4 10.Nxd4 cxd4 11.Qxd4 Bg5 12.Bxg5 Qxg5 13.f4 Qd8 14.Rae1 a6 15.Bd3 Nc5
16.f5 Nxd3 17.cxd3 f6 18.Ne7+ Kh8 19.Ng6+  1-0

[Event "RUS-Cup"]
[Site "Omsk/Perm"]
[Date "1998.??.??"]
[Round "3"]
[White "Yandemirov, Valeri"]
[Black "Ikonnikov, D."]
[Result "1-0"]
[WhiteElo "2545"]
[BlackElo "2430"]

1.e4 c5 2.Nf3 Nc6 3.Bb5 g6 4.O-O Bg7 5.c3 Nf6 6.Re1 O-O 7.e5 Nd5 8.d4 cxd4
9.cxd4 d6 10.Nc3 Nc7 11.Bxc6 bxc6 12.Qa4 Qd7 13.exd6 exd6 14.Be3 a6 15.Rac1 Rb8
16.Ne4 f5 17.Nxd6 Qxd6 18.Rxc6 Qd5 19.Rxc7 Rxb2 20.Qa3 Rb7 21.Rxg7+ Rxg7
22.Bh6 Rgf7 23.Bxf8 Rxf8 24.h4 Bb7 25.Re5 Qd7 26.Qb3+ Kh8 27.d5 Qg7 28.Qb4 Rd8
29.Re7 Qa1+ 30.Kh2 Bxd5 31.Qa5 Rd6 32.Qc7 Qf6 33.Ng5  1-0

[Event "RUS-Cup"]
[Site "Omsk/Perm"]
[Date "1998.??.??"]
[Round "4"]
[White "Totsky, Leonid"]
[Black "Novgorodskij, Vladimir"]
[Result "1/2-1/2"]
[WhiteElo "2490"]
[BlackElo "2420"]

1.e4 c5 2.Nf3 Nc6 3.Bb5 e6 4.O-O Nge7 5.Re1 Ng6 6.c3 d5 7.Qa4 dxe4 8.Bxc6+ bxc6
9.Qxc6+ Bd7 10.Qxe4 Rc8 11.d4 Bc6 12.Qe2 Bxf3 13.Qxf3 cxd4 14.Rd1 Bd6 15.Rxd4 Qc7
16.h3 O-O 17.Nd2 f5 18.Nf1 Bc5 19.Rd1 f4 20.Nh2 Rf5 21.Qe2 Re5 22.Qf1 Rd8
23.Nf3 Rxd1 24.Qxd1 Rd5 25.Qe2 Qd6 26.Bd2 Nh4 27.Be1 Nxf3+ 28.Qxf3 Rd3 29.Qa8+ Kf7
30.b4 Bb6 31.Qe4 f3 32.c4 Qg3 33.Qg4 Qe5 34.Rb1 h5 35.Qh4 Rd4 36.Bc3 Rxh4
37.Bxe5 Re4 38.c5 Bxc5 39.bxc5 Rxe5 40.Rc1 Ke7 41.gxf3 Kd7 42.Rc4 a5 43.f4 Re1+
44.Kg2 Kc6 45.Kg3 g6 46.Rc2 e5 47.fxe5 Rxe5 48.f4 Re4 49.Kf3 Ra4 50.h4 Ra3+
51.Ke4 Rg3 52.Ke5 Rg4 53.Rb2 Kxc5 54.a4 Rxh4 55.Rb5+ Kc6 56.Rxa5 Rg4 57.Ra8 h4  1/2-1/2

[Event "RUS-Cup"]
[Site "Omsk/Perm"]
[Date "1998.??.??"]
[Round "4"]
[White "Isakov, Dmitrij"]
[Black "Malinin, Yuri"]
[Result "0-1"]
[WhiteElo "2110"]
[BlackElo "2335"]

1.e4 c5 2.Nf3 Nc6 3.Bb5 d6 4.O-O Bd7 5.c3 a6 6.Bxc6 Bxc6 7.Re1 e6 8.d4 cxd4
9.Nxd4 Bd7 10.Na3 Nf6 11.f3 Be7 12.Be3 Qc7 13.Bf2 O-O 14.Nac2 b5 15.Qd2 Rfd8
16.Rad1 Be8 17.h3 Nd7 18.f4 Nc5 19.Qe2 Qb7 20.f5 Bf6 21.Qg4 e5 22.Nf3 Bc6
23.Nb4 Nxe4 24.Be3 d5 25.h4 a5 26.Nd3 Re8 27.Bg5 Bxg5 28.hxg5 f6 29.Qh4 Qe7
30.Nf2 Nxg5 31.Nxg5 fxg5 32.Qh5 Rf8 33.Qg4 Qf6 34.Nh3 h6 35.Qg3 Rae8 36.Rf1 b4
37.Qe3 bxc3 38.Qxc3 a4 39.b3 axb3 40.Qxb3 Ba8 41.Rxd5 Bxd5 42.Qxd5+ Qf7 43.Qe4 Qxa2
44.f6 Qf7 45.Rf3 gxf6 46.g4 Rc8 47.Nf2 Rc1+ 48.Kg2 Rfc8 49.Qf5 R8c3 50.Nd3 R1c2+
51.Kh1 Ra3 52.Qe4 Ra1+ 53.Ne1 Rxe1+  0-1

[Event "RUS-Cup"]
[Site "Omsk/Perm"]
[Date "1998.??.??"]
[Round "7"]
[White "Kuzuev, Danil"]
[Black "Ovchinikova, Julia"]
[Result "1-0"]
[WhiteElo "2300"]
[BlackElo "2200"]

1.e4 c5 2.Nf3 Nc6 3.Bb5 g6 4.Bxc6 dxc6 5.d3 Bg7 6.Nc3 Qc7 7.Be3 b6 8.h3 Nf6
9.Qd2 h6 10.Bf4 Qd8 11.O-O g5 12.Be5 Nh5 13.Bxg7 Nxg7 14.Ne2 Qc7 15.Qc3 Rg8
16.Ng3 h5 17.Rfe1 g4 18.hxg4 Bxg4 19.Qe5 O-O-O 20.Qxc7+ Kxc7 21.Nh4 Ne6 22.Ngf5 Rd7
23.Ne3 Nf8 24.f3 Be6 25.Kf2 f6 26.Rh1 Bf7 27.Nhf5 Be8 28.Rh2 e6 29.Ng3 Rh7
30.Rah1 Rgh8 31.Ne2 Bf7 32.a3 a5 33.c3 e5 34.d4 cxd4 35.cxd4 exd4 36.Nxd4 Ng6
37.Ng4 Ne5 38.Nxf6 Rh6 39.Ng4 Nxg4+ 40.fxg4 Rd6 41.Nf3 Rd3 42.gxh5 Rb3 43.g4 Rxb2+
44.Kg3 Rb3 45.g5 Rf8 46.Rf2 Re3 47.g6 Bxg6 48.hxg6 Rxe4 49.Rh4 Re6 50.Rg4 Rg8
51.Nh4 b5 52.Rf7+ Kb6 53.g7 Re3+ 54.Nf3 a4 55.Rf8 Rxg7 56.Rxg7 Rxa3 57.Kf2 Rc3
58.Ke2 a3 59.Kd2 a2 60.Rg1 b4 61.Ra1 Ra3 62.Kc2 Re3 63.Nd2  1-0

[Event "RUS-Cup"]
[Site "Omsk/Perm"]
[Date "1998.??.??"]
[Round "8"]
[White "Yandemirov, Valeri"]
[Black "Ulibin, Mikhail"]
[Result "1/2-1/2"]
[WhiteElo "2545"]
[BlackElo "2575"]

1.e4 c5 2.Nf3 Nc6 3.Bb5 g6 4.O-O Bg7 5.c3 Nf6 6.Re1 O-O 7.e5 Nd5 8.d4 cxd4
9.cxd4 Nc7 10.Ba4 d6 11.Bxc6 bxc6 12.Nc3 Bg4 13.h3 Bxf3 14.Qxf3 Ne6 15.Be3 dxe5
16.dxe5 Qc7 17.Rac1 Rfd8 18.Nb5 Qa5 19.Qxc6 Qxa2 20.Nd4 Nxd4 21.Bxd4 Qd5
22.Qxd5 Rxd5 23.Rc4 e6 24.Kf1 h5 25.h4 Rb8 26.Bxa7 Rxb2 27.Rc8+ Kh7 28.Rc7 Kg8
29.Rc8+  1/2-1/2

[Event "Wch U14"]
[Site "Oropesa del Mar"]
[Date "1998.??.??"]
[Round "3"]
[White "Bhat, Vinay S"]
[Black "Efimenko, Zahar"]
[Result "1-0"]
[WhiteElo "2235"]
[BlackElo "2330"]

1.e4 c5 2.Nf3 Nc6 3.Bb5 g6 4.Bxc6 bxc6 5.O-O Nf6 6.Re1 Bg7 7.e5 Nd5 8.c4 Nc7
9.d4 cxd4 10.Qxd4 d5 11.Nc3 O-O 12.Qh4 Re8 13.Bh6 Bh8 14.Rad1 Be6 15.Ne4 Qb8
16.Neg5 Qc8 17.Nxh7 Bg4 18.e6 Nxe6 19.Qxg4 Kxh7 20.cxd5 cxd5 21.Bc1 d4 22.Rxe6 fxe6
23.Ng5+ Kg8 24.Qh4 Bg7 25.Qh7+ Kf8 26.Qxg6  1-0

[Event "Wch U12 Girls"]
[Site "Oropesa del Mar"]
[Date "1998.??.??"]
[Round "8"]
[White "Kosintseva, Tatiana"]
[Black "Tania, S."]
[Result "1-0"]
[WhiteElo "2120"]
[BlackElo "2065"]

1.e4 c5 2.Nf3 Nc6 3.Bb5 g6 4.O-O Bg7 5.Re1 e5 6.Bxc6 bxc6 7.c3 Qb6 8.d4 cxd4
9.cxd4 exd4 10.Nbd2 Ne7 11.Nc4 Qc7 12.Bg5 Ba6 13.Bxe7 Bxc4 14.Bc5 d3 15.e5 O-O-O
16.Bd6 Qa5 17.Re4 Ba6 18.Ra4 Qb6 19.Rb4 Bb5 20.a4 a5 21.Rb3 Bf8 22.axb5  1-0

[Event "Wch U14 Girls"]
[Site "Oropesa del Mar"]
[Date "1998.??.??"]
[Round "9"]
[White "Levushkina, Elena"]
[Black "Javakhishvili, Lela"]
[Result "0-1"]
[WhiteElo "2105"]
[BlackElo "2130"]

1.e4 c5 2.Nf3 Nc6 3.Bb5 e6 4.O-O Nge7 5.Re1 Ng6 6.c3 a6 7.Bxc6 bxc6 8.e5 Be7
9.d3 O-O 10.Nbd2 f6 11.exf6 gxf6 12.Nb3 e5 13.d4 cxd4 14.cxd4 d6 15.Qc2 Bd7
16.Bd2 Kh8 17.Rad1 Rg8 18.dxe5 fxe5 19.Bg5 Bg4 20.Bxe7 Nxe7 21.Re3 Nd5 22.Qxc6 Nxe3
23.fxe3 Bxf3 24.Qxf3  0-1

[Event "Ostrava Cup"]
[Site "Ostrava"]
[Date "1998.??.??"]
[Round "5"]
[White "Berezjuk, Sergej"]
[Black "Oral, Tomas"]
[Result "1-0"]
[WhiteElo "2410"]
[BlackElo "2510"]

1.e4 c5 2.Nf3 Nc6 3.Bb5 g6 4.Bxc6 dxc6 5.h3 e5 6.d3 f6 7.a4 Nh6 8.a5 Nf7
9.Be3 Be6 10.Qd2 f5 11.Qc3 Qd6 12.Ng5 Nxg5 13.Bxg5 Kf7 14.Be3 Rd8 15.exf5 gxf5
16.Nd2 Qd5 17.O-O-O Bg7 18.Bxc5 b6 19.axb6 axb6 20.Bxb6 Ra8 21.Nb3 Rhb8 22.Bc5 Qxg2
23.Rhg1 Qd5 24.Rde1 Bf6 25.Ba3 Qf3 26.Nc5 Ba2 27.Nd7 Qf4+ 28.Kd1 Rxa3 29.Qxa3 Bd5
30.Nxf6 Bf3+ 31.Re2 Rd8 32.Ng8 Rxg8 33.Qa7+ Kf6 34.Rxg8  1-0

[Event "Ostrava Cup"]
[Site "Ostrava"]
[Date "1998.??.??"]
[Round "11"]
[White "Nedela, Vlastimil"]
[Black "Gdanski, Jacek"]
[Result "1/2-1/2"]
[WhiteElo "2375"]
[BlackElo "2540"]

1.e4 c5 2.Nf3 Nc6 3.Bb5 d6 4.O-O Bd7 5.c3 a6 6.Ba4 Nf6 7.Re1 b5 8.Bc2 Bg4
9.h3 Bh5 10.d3 e6 11.Nbd2 Be7 12.Nf1 d5  1/2-1/2

[Event "Atom Cup IM 3rd"]
[Site "Paks"]
[Date "1998.??.??"]
[Round "4"]
[White "Sebe, Razvan"]
[Black "Brumen, Dinko"]
[Result "1/2-1/2"]
[WhiteElo "2120"]
[BlackElo "2355"]

1.e4 c5 2.Nf3 Nc6 3.Bb5 d6 4.Bxc6+ bxc6 5.O-O e5 6.c3 Nf6 7.d4 cxd4 8.cxd4 Qc7
9.dxe5 dxe5 10.Qc2 Bd6 11.Nbd2 Bg4 12.h3 Bh5 13.Nh4 O-O 14.Nf5 Bg6 15.Nxd6 Qxd6
16.f3 Nd5 17.Nb3 Rfd8 18.Bd2 Nf4 19.Bxf4 exf4 20.Rfd1 Qc7 21.Kh2 Qb6 22.Rac1 Rac8
23.Rxd8+ Qxd8 24.Rd1 Qh4 25.Nd4 h6 26.Nxc6 Kh7 27.Rc1 Qg3+ 28.Kh1 Bh5 29.Qd1 Re8
30.Qe1 Qg5 31.Nd4 Rd8 32.Qf2 Qf6 33.Rc4 Bg6 34.Kh2 Qb6 35.b3 Re8 36.Qd2 Rd8
37.e5 Qa6 38.Ra4 Qf1 39.Qxf4 Rc8 40.Rc4 Rxc4 41.bxc4 Qxc4 42.Qd2 Bb1 43.a3 a5
44.Qe3 a4 45.e6 fxe6 46.Nxe6 Bf5 47.Nd4 Bb1 48.Qe5 Qf7 49.f4 Bd3 50.Ne6 Qf6
51.Qxf6 gxf6 52.g4 h5 53.Kg3 hxg4 54.Kxg4 Kg6 55.Nd4 f5+ 56.Kf3 Kh5 57.Ke3 Be4
58.Ne6 Kh4 59.Ng5 Bb1 60.Kd4 Bc2 61.Ke5 Bb1 62.Nf7 Kxh3 63.Nh6 Kg3 64.Nxf5+ Kf3
65.Nd4+ Ke3 66.f5 Kd2 67.f6 Bg6 68.Ne6 Kc3 69.Nc5 Kb2 70.Nxa4+ Kxa3 71.Nb6 Bf7
72.Kd6 Kb4 73.Ke7 Bg8 74.Nd7 Kb5  1/2-1/2

[Event "Atom Cup IM 3rd"]
[Site "Paks"]
[Date "1998.??.??"]
[Round "6"]
[White "Sebe, Razvan"]
[Black "Jagodzinski, Andreas"]
[Result "1-0"]
[WhiteElo "2120"]
[BlackElo "2215"]

1.e4 c5 2.Nf3 Nc6 3.Bb5 Qb6 4.Nc3 e6 5.Bxc6 bxc6 6.e5 d5 7.exd6 Bxd6 8.O-O Nf6
9.d3 O-O 10.Re1 Nd5 11.Ne4 Be7 12.a4 a5 13.Ne5 Qc7 14.Nc4 Ba6 15.b3 Rad8
16.Bb2 f6 17.Qg4 Bc8 18.Ng3 Rf7 19.Qf3 Nb4 20.Re2 Bf8 21.h4 e5 22.h5 Be6
23.Ne4 Qc8 24.Qg3 Bg4 25.f3 Bxh5 26.Nxa5 Bg6 27.Nc4 Nd5 28.Qf2 Nf4 29.Ree1 Bxe4
30.dxe4 Qb7 31.Bc3 Rfd7 32.a5 Rd4 33.a6 Qa7 34.Ba5 Ra8 35.Bb6 Qf7 36.a7 Qb7
37.Reb1 Qf7 38.Re1 Qb7 39.Reb1 Qf7 40.Ra2 Qg6 41.Kf1 Qf7 42.Ra3 Qd7 43.Raa1 g5
44.g3 Ng6 45.Kg2 h5 46.Rh1 Qb7 47.Qe2 h4 48.c3 Rd7 49.Qa2 Rd3 50.Qc2 hxg3
51.Kxg3 Nf4 52.Rad1 Rxc3 53.Qh2 Ng6 54.Qh3 Nh4 55.Qe6+ Kh8 56.Rd7 Rxf3+ 57.Kg4 Rf4+
58.Kh5 Qc8 59.Qf7 Qe8 60.Qxe8 Rxe8 61.Rd8  1-0

[Event "Atom Cup GM 3rd"]
[Site "Paks"]
[Date "1998.??.??"]
[Round "9"]
[White "Naiditsch, Arkadij"]
[Black "Gershon, Alik"]
[Result "1-0"]
[WhiteElo "2390"]
[BlackElo "2460"]

1.e4 c5 2.Nf3 Nc6 3.Bb5 e6 4.O-O Nge7 5.c3 a6 6.Ba4 b5 7.Bc2 d5 8.d4 cxd4
9.exd5 Nxd5 10.cxd4 Be7 11.Nbd2 Nf6 12.Nb3 Nb4 13.Bb1 O-O 14.a3 Nbd5 15.Ne5 Bb7
16.Nd3 Qb6 17.Nbc5 Rfd8 18.Bd2 Bc6 19.Qe1 Rd6 20.Ne5 Be8 21.Bc2 Qa7 22.Rd1 Rad8
23.Ba5 Nb6 24.Qc3 Rc8 25.b4 Nbd5 26.Qg3 g6 27.Bb1 Qa8 28.Rfe1 Nh5 29.Qf3 f5
30.Ba2 Nhf6 31.h3 Bc6 32.Nxc6 Qxc6 33.Re5 Bf8 34.Nxe6 Rxe6 35.Rxd5 Nxd5 36.Bxd5 Qd6
37.Re1 Re8 38.Qb3 Kf7 39.Bxe6+ Rxe6 40.Bc7 Qd7 41.Be5 Ke8 42.d5 Re7 43.f4 Bh6
44.d6 Re6 45.Rc1  1-0

[Event "Pardubice Czech op"]
[Site "Pardubice"]
[Date "1998.??.??"]
[Round "2"]
[White "Oral, Tomas"]
[Black "Nun, Jiri"]
[Result "1/2-1/2"]
[WhiteElo "2455"]
[BlackElo "2375"]

1.e4 c5 2.Nf3 Nc6 3.Bb5 e6 4.c4 Nge7 5.O-O Ng6 6.d4 cxd4 7.Nxd4 Be7 8.Be3 O-O
9.Nc3 Qc7 10.Rc1 a6 11.Ba4 Na5 12.b3 b6 13.Nde2 Rd8 14.f4 Bb7 15.Qd2 Ba3
16.Rcd1 d5 17.cxd5 exd5 18.exd5 Ne7 19.Bd4 Nf5 20.Nb1 Nxd4 21.Nxa3 Nxe2+
22.Qxe2 Bxd5 23.b4 Nb7 24.Rfe1 h6 25.Bc2 Qc6 26.Bb1 Nd6 27.Nc2 Bc4 28.Qf2 b5  1/2-1/2

[Event "Pardubice Czech op"]
[Site "Pardubice"]
[Date "1998.??.??"]
[Round "3"]
[White "Turov, Maxim"]
[Black "Nikolaev, Nikita"]
[Result "1-0"]
[WhiteElo "2445"]
[BlackElo "2330"]

1.e4 c5 2.Nf3 Nc6 3.Bb5 Nf6 4.e5 Ng4 5.Bxc6 dxc6 6.O-O g6 7.d3 Bg7 8.Bf4 Nh6
9.h3 Nf5 10.Nbd2 O-O 11.Ne4 b6 12.Re1 Nd4 13.Ned2 Bf5 14.b3 Qd5 15.Bg5 Rfe8
16.Nxd4 Qxd4 17.Nf3 Qd7 18.Qd2 Be6 19.Bh6 Bh8 20.Qf4 Bd5 21.Ng5 f6 22.Ne4 fxe5
23.Qg3 Rad8 24.Bd2 Qf5 25.Re2 Bxe4 26.Rxe4 Rd4 27.Rae1 Rxe4 28.Rxe4 Rd8 29.Bc3 Rd5
30.Bb2 Qh5 31.f3 Qf5 32.Qe1 Bf6 33.Qe3 Bg5 34.Qe2 Bf6 35.c4 Rd7 36.Bxe5 Bxe5
37.Rxe5 Qf6 38.Re6 Qd4+ 39.Kh2 Qf4+ 40.g3 Qf5 41.Re4 Qf6 42.f4 Kf7 43.Re5 e6
44.Qf3 Rd6 45.g4 Kg7 46.Kg3 Qd8 47.Re3 Qe7 48.Qe4 Kf7 49.Rf3 Rd4 50.Qe3 h6
51.Kf2 Qd6 52.Ke2 b5 53.Qe5 Qe7 54.Re3 Qf6 55.Qxf6+ Kxf6 56.Re5 bxc4 57.dxc4 Ke7
58.Rxc5 Kd6 59.Ra5 Rxf4 60.Rxa7 h5 61.gxh5 gxh5 62.Rg7 Rh4 63.Rg3 e5 64.Kd3 e4+
65.Kd4 Ke6 66.a4 Rf4 67.a5 h4 68.Rg8  1-0

[Event "Pardubice Czech op"]
[Site "Pardubice"]
[Date "1998.??.??"]
[Round "6"]
[White "Tuturin, Sergei"]
[Black "Manik, Mikulas"]
[Result "0-1"]
[WhiteElo "2240"]
[BlackElo "2460"]

1.e4 c5 2.Nf3 Nc6 3.Bb5 g6 4.O-O Bg7 5.c3 Nf6 6.d4 Nxe4 7.d5 Na5 8.Bf4 O-O
9.Qe2 Nf6 10.Rd1 a6 11.Ba4 b5 12.Bc2 d6 13.a4 Bb7 14.axb5 axb5 15.b4 cxb4
16.Qxb5 b3 17.Bxb3 Nxb3 18.Rxa8 Qxa8 19.Qxb3 Bxd5 20.c4 Rb8 21.Qxb8+ Qxb8
22.cxd5 Nxd5 23.Bg3 Nc3 24.Nxc3 Bxc3 25.h3 Bf6 26.Bf4 Kg7 27.Be3 Qb7 28.Nh2 h5
29.Nf3 d5  0-1

[Event "Pardubice Czech op"]
[Site "Pardubice"]
[Date "1998.??.??"]
[Round "6"]
[White "Khamatgaleev, Alexej"]
[Black "Furman, Boris"]
[Result "1/2-1/2"]
[WhiteElo "2400"]
[BlackElo "2245"]

1.e4 c5 2.Nf3 Nc6 3.Bb5 g6 4.O-O Bg7 5.Re1 Nf6 6.e5 Nd5 7.Nc3 Nc7 8.Bxc6 dxc6
9.Ne4 Ne6 10.d3 O-O 11.Be3 b6 12.Qc1 f5 13.Neg5 Nd4 14.Bxd4 cxd4 15.e6 f4
16.Re4 Qc7 17.h4 c5 18.h5 h6 19.Nf7 g5 20.Qe1 Bb7 21.Qe2 Bd5 22.Re1 Qc6 23.Re5 Bxe5
24.Qxe5 Rxf7 25.exf7+ Bxf7 26.Qxe7 Re8 27.Qxa7 Rxe1+ 28.Nxe1 Bxh5 29.Qe7 Qe8
30.Qxe8+ Bxe8 31.Nf3 Kf7 32.Nd2 Ke6 33.b3 Bh5 34.f3 g4 35.fxg4 Bxg4 36.Nf3 Kf6
37.Kf2 h5 38.a4 h4 39.Ke2 h3 40.gxh3 Bxh3 41.Nd2 Bg4+ 42.Ke1 Be6 43.a5 bxa5
44.Ne4+ Ke5 45.Nxc5 Bd5 46.Kf2 Bc6 47.Ke2 Kf5  1/2-1/2

[Event "Pardubice Czech op"]
[Site "Pardubice"]
[Date "1998.??.??"]
[Round "7"]
[White "Borgo, Giulio"]
[Black "Galianina, Julia"]
[Result "1/2-1/2"]
[WhiteElo "2430"]
[BlackElo "2295"]

1.e4 c5 2.Nf3 Nc6 3.Bb5 g6 4.Bxc6 dxc6 5.d3 Bg4 6.Bd2 Bg7 7.Bc3 e5 8.Nbd2 Nh6
9.a3 O-O 10.b4 cxb4 11.axb4 Qe7 12.h3 Bd7 13.O-O f6 14.Nc4 Nf7 15.Qc1 Be6
16.Nfd2 Bh6 17.Qb2 Qd7 18.h4 Bf4 19.Ne3 Nh6 20.Rfe1 Qf7 21.d4 g5 22.Nf3 Qh5
23.Nf1 Bg4 24.N1h2 gxh4 25.Bd2 Bxd2 26.Nxd2 Qg5 27.Ndf1 Bh3 28.Qb3+ Rf7 29.Qxh3 exd4
30.Ra5 Qg6 31.Qxh4 Rg7 32.Ng3 Re8 33.Rxa7 f5 34.Nf3 fxe4 35.Rxe4 Rf8 36.Rxd4 Nf5
37.Qf4 Nxd4 38.Qxd4 Qxc2 39.Nh5 Qc1+ 40.Kh2 Qh6 41.Qh4 Rgf7 42.Ra3 Rf5 43.Qc4+ Kh8  1/2-1/2

[Event "Pardubice Czech op"]
[Site "Pardubice"]
[Date "1998.??.??"]
[Round "8"]
[White "Turov, Maxim"]
[Black "Hracek, Zbynek"]
[Result "1/2-1/2"]
[WhiteElo "2445"]
[BlackElo "2610"]

1.e4 c5 2.Nf3 Nc6 3.Bb5 d6 4.Bxc6+ bxc6 5.O-O Bg4 6.h3 Bh5 7.Re1 Nf6 8.d3 Nd7
9.Nbd2 e5 10.Nf1 Be7 11.Ng3 Bxf3 12.Qxf3 Nf8 13.Qg4 Ne6 14.f4 exf4 15.Bxf4 Nxf4
16.Qxf4 Bf6 17.c3 Be5 18.Qf2 g6 19.Nf1 O-O 20.Ne3 Rb8 21.Re2 Bg7 22.Rae1 Re8
23.Nc4 d5 24.exd5 Rxe2 25.Rxe2 cxd5 26.Ne5 Qc7 27.Nf3 Bf6 28.d4 cxd4 29.Nxd4 Rb6
30.Ne6  1/2-1/2

[Event "Pardubice Czech op"]
[Site "Pardubice"]
[Date "1998.??.??"]
[Round "9"]
[White "Oral, Tomas"]
[Black "Galianina, Julia"]
[Result "1/2-1/2"]
[WhiteElo "2455"]
[BlackElo "2295"]

1.e4 c5 2.Nf3 Nc6 3.Bb5 g6 4.O-O Bg7 5.c3 Nf6 6.Re1 O-O 7.d4 cxd4 8.cxd4 d5
9.e5 Ne4 10.Bxc6 bxc6 11.Nbd2 c5 12.dxc5 Nxc5 13.Nb3 Nxb3 14.Qxb3 Be6 15.Nd4 Qd7
16.Qe3 Rab8 17.b3 Rfc8 18.Bd2 Qc7 19.Rad1 Qb6 20.Qf4 Rb7 21.h3 Rbc7 22.Qh4 Rb7
23.Kh1 a6 24.Bh6 Rc3 25.Qg5 Qc7 26.h4 Rb4 27.Bxg7 Kxg7 28.h5 Qc5 29.h6+ Kg8
30.Qd2 a5 31.a4 Bg4 32.f3 Be6 33.Kh2 Kf8 34.Kh1 Rcxb3 35.g3  1/2-1/2